00514nam a2200193 a 450000100060000000300090000600800410001502000150005604000280007108200140009910000270011324500590014025000060019926000520020530000090025749000290026665000130029565000120030820406CO-ViMGA141112s2004 ck r 000 u spa d a9681667999 aCO-ViMGAbspacCO-ViMGA04a540 R651q1 aRomo de Vivar, Alfonso10aQuímica, universo, tierra y vida. Ciencia para todos a3 aMexico : bFondo de cultura económica, c2003 a164p aLa ciencia para todos;5114aBIOLOGIA14aQUIMICA